History Quiz

Random History or Artist Quiz

Somewhere in the Middle (History) Quiz Stats

 Plays Quiz Updated Mar 6, 2018

Score 0/20 Timer 01:30
3 Plays Today
% Correct
Tea
96%
Years'
95.9%
Chi
95.1%
Graham
95%
Desert
94.6%
Roman
94.6%
Delano
92.9%
Big
92.6%
John
92.4%
Playing
92%
% Correct
East
90.8%
Wilkes
90.2%
Francis
89.1%
Franz
88%
Von
86.9%
Henry
82.5%
Punic
77.9%
Lloyd
76.1%
Auguste
76%
Tecumseh
62.7%

You're not logged in!

Compare scores with friends on all Sporcle quizzes.
OR
Log In

Sporcle TV

Today on Sporcle TV


Watch our educational content, quiz creation guides, and fun videos on Sporcle TV.

Show Comments

Extras

Top Quizzes Today


Score Distribution

Your Account Isn't Verified!

In order to create a playlist on Sporcle, you need to verify the email address you used during registration. Go to your Sporcle Settings to finish the process.

Report this User

Report this user for behavior that violates our Community Guidelines.

Details: